00373nam a2200133 a 45000010010000000030011000100080041000210350026000620820012000881000023001002450053001232600049001766500014002250000-8931ELIB.Books110520 1976  a(ELIB.Books)0000-9079 aB bAnd aAnderson, Courtney aTo the Golden Shore: the Life of Adoniram Judson bMichigan: Zondervan Publishing House c1976 aBiography